| 000 | 00381nam a2200157Ia 4500 | ||
|---|---|---|---|
| 005 | 20250430063423.0 | ||
| 008 | 240331s9999 xx 000 0 und d | ||
| 020 | _a9552102189 | ||
| 082 |
_bBOT _a891 |
||
| 100 | _aBotheju,L | ||
| 245 | 0 | _aPara dige | |
| 260 |
_aNugegoda _bM.D.Gunasena Books _c1991 |
||
| 300 | _a270 p ., | ||
| 500 | _aA Story of Young Generation boy | ||
| 942 | _cL | ||
| 999 |
_c4794 _d4794 |
||